Hat dieser Fußballer in Deutschland gespielt? - Sudden Death - Statistiken

Allgemein
  • Dieses Quiz wurde 422 mal gespielt
  • Das Durchschnittsergebnis liegt bei 12 aus 17
Answers on the Grid
Answers color-coded by a green-red scale on the quiz's grid according to % correct below.
Raúl
Ruud Van Nistelrooy
Cristiano Ronaldo
Lionel Messi
Luka Modrić
Robert Lewandowski
Edin Džeko
Arjen Robben
Harry Kane
Klaas-Jan Huntelaar
Luca Toni
Anthony Yeboah
Ousmane Dembélé
Karim Benzema
Ronaldinho
Zinédine Zidane
Ronaldo
George Weah
Romário
Marco van Basten
Davor Šuker
Christo Stoitschkow
Jean-Pierre Papin
Johan Cruyff
Eusébio
Xabi Alonso
Daniel Carvajal
Kevin Keegan
Mauro Camoranesi
Diego Maradona
Ferenc Puskás
Ihor Bjelanow
 
Antwortstatistiken
Antwort % Korrekt
Robert Lewandowski
92%
Harry Kane
91%
Arjen Robben
90%
Xabi Alonso
88%
Edin Džeko
85%
Ousmane Dembélé
85%
Klaas-Jan Huntelaar
84%
Luca Toni
83%
Raúl
81%
Daniel Carvajal
70%
Ruud Van Nistelrooy
70%
Anthony Yeboah
62%
Kevin Keegan
54%
Jean-Pierre Papin
42%
Ihor Bjelanow
40%
Davor Šuker
39%
Mauro Camoranesi
39%
Keine übereinstimmenden Quizze gefunden
Verteilung der Resultate
Anzahl Personen mit jedem Resultat
Perzentil nach korrekt beantworteten Fragen
Ihre Resultats-Entwicklung
Sie haben dieses Quiz noch nicht gespielt